Environmental monitoring and characterization
Sparad:
| Huvudupphovsman: | |
|---|---|
| Materialtyp: | Bok |
| Språk: | Undetermined |
| Publicerad: |
London
Elsevier
2004
|
| Ämnen: | |
| Taggar: |
Lägg till en tagg
Inga taggar, Lägg till första taggen!
|
| Thư viện lưu trữ: | Trung tâm Học liệu Trường Đại học Cần Thơ |
|---|
| LEADER | 00547nam a2200193Ia 4500 | ||
|---|---|---|---|
| 001 | CTU_87577 | ||
| 008 | 210402s9999 xx 000 0 und d | ||
| 020 | |c 73.45 | ||
| 082 | |a 628 | ||
| 082 | |b A786 | ||
| 100 | |a Artiola, Janick F. | ||
| 245 | 0 | |a Environmental monitoring and characterization | |
| 245 | 0 | |c Janick F. Artiola, Ian L. Pepper, Mark L. Brusseau | |
| 260 | |a London | ||
| 260 | |b Elsevier | ||
| 260 | |c 2004 | ||
| 650 | |a Environmental monitoring | ||
| 904 | |i Tuyến | ||
| 980 | |a Trung tâm Học liệu Trường Đại học Cần Thơ | ||